| 000 | 01363nam a22002417a 4500 | ||
|---|---|---|---|
| 005 | 20250620155605.0 | ||
| 008 | 250620b |||||||| |||| 00| 0 eng d | ||
| 020 | _a9783110703405 | ||
| 040 |
_aCSL _cCSL |
||
| 041 |
_2eng _aeng |
||
| 084 |
_aC6 R4 _qCSL |
||
| 100 |
_aMichler, Peter _eauthor. _9809525 |
||
| 245 |
_aSemiconductor quantum light sources _b: Fundamentals, technologies and devices |
||
| 300 |
_axvi, 358 p. _b: col. ill. _c; 24 cm. |
||
| 500 | _aIncludes bibliography and index | ||
| 520 | _aThe work provides fundamental expertise of quantum optics and photonic quantum technology with particular attention to the generation of non-classical light with semiconductor nanostructures. The book is written by experimentalists for experimentalists at various career stages: physics and engineering students, researchers in quantum optics, industry experts in quantum technology. A didactical structure is followed, having in each chapter overview and summary of the discussed topics, allowing for a quick consultation. | ||
| 650 |
_aPhotonic engineering. _9813593 |
||
| 650 |
_aSingle-photon sources. _9813594 |
||
| 650 |
_aQuantum optics. _9713547 |
||
| 650 |
_aSemiconductor nanostructures. _9813595 |
||
| 700 |
_aPortalupi, Simone Luca _eco-author. _9813596 |
||
| 942 |
_2CC _cTEXL _hC6 R4 _n0 |
||
| 999 |
_c1432120 _d1432120 |
||